Graduating Dogs Quiz Stats

 Plays Quiz Updated Jun 3, 2016

Also try: Dog Faces
Challenge
Share
Tweet
Score 0/20 Timer 08:00
2 Plays Today
% Correct
Golden Retriever
94.7%
Dalmatian
90.6%
Husky
89.6%
Standard Poodle
89.4%
Pug
88.6%
Labrador Retriever
86.3%
German Shepherd
82.1%
Pembroke Welsh Corgi
81.9%
St. Bernard
77.5%
Chihuahua
70.3%
% Correct
Basset Hound
68.3%
American Pitbull Terrier
68.3%
Yorkshire Terrier
67.1%
Dachshund
65%
Great Dane
61.4%
French Bulldog
55.1%
Pomeranian
53%
Shih Tzu
49.5%
West Highland White Terrier
37.1%
Shiba Inu
33.7%

You're not logged in!

Compare scores with friends on all Sporcle quizzes.
Join for Free
OR
Log In

You Might Also Like...

Show Comments

Extras

Top Quizzes Today


Score Distribution

Your Account Isn't Verified!

In order to create a playlist on Sporcle, you need to verify the email address you used during registration. Go to your Sporcle Settings to finish the process.

Report this User

Report this user for behavior that violates our Community Guidelines.

Details: